000 00663nam a2200241Ia 4500
003 OSt
005 20220107122655.0
008 130318s9999 xx 000 0 und d
020 _a9788131720479
040 _cIIITM-K
082 _a006.3 HOP/I
100 _aHopcroft, John E
_91231
245 _aIntroduction to automata theory, languages, and computation
250 _a3
260 _bPearson Education
_aNew Delhi
_c2008
300 _a487
650 _aAUTOMATA THEORY
_91232
650 _aCOMPUTATIONAL COMPLEXITY
_91233
650 _aFORMAL LANGUAGES
_91234
700 _aMotwani, Rajeev
_91235
700 _aUllman, Jeffrey D
_91236
942 _2ddc
_cBK
999 _c2258
_d2258